000
00332nam a2200145Ia 4500
999
_c
14192
_d
14192
003
OSt
005
20260326134646.0
008
260210s9999 xx 000 0 und d
020
_a
9781632409034
082
_a
747.2
100
_a
Spencer
245
0
_a
Cultural Anthropology
260
_b
Clanrye International
942
_c
BPLAN
_2
ddc